Statistiken für FC Chelsea Kader 2019/20

Klicken Sie hier um das Quiz zu spielen!

Allgemein

  • Dieses Quiz wurde 249 mal gespielt
  • Das Durchschnittsergebnis liegt bei 12 aus 26

Antwortstatistiken

PositionName% Korrekt
AbwehrAntonio Rüdiger
81%
MittelfeldN'golo Kante
77%
MittelfeldMason Mount
74%
AbwehrCesar Azpilicueta
62%
TrainerFrank Lampard
60%
AbwehrMarcos Alonso
60%
MittelfeldJorginho
59%
AbwehrReece James
59%
SturmChristian Pulisic
55%
MittelfeldMateo Kovacic
54%
SturmOlivier Giroud
54%
SturmTammy Abraham
54%
TorwartKepa Arrizabalaga
52%
AbwehrAndreas Christensen
50%
TorwartWilly Caballero
46%
SturmCallum Hudson-Odoi
42%
AbwehrKurt Zouma
38%
MittelfeldRuben Loftus-Cheek
37%
SturmWillian
37%
AbwehrEmerson
31%
MittelfeldRoss Barkley
31%
SturmPedro
30%
AbwehrFikayo Tomori
25%
SturmMichy Batshuayi
19%
MittelfeldBilly Gilmour
17%
TowartJamie Cumming
13%

Verteilung der Resultate

Perzentil nach korrekt beantworteten Fragen

Anzahl Personen mit jedem Resultat

Ihre Resultats-Entwicklung

Sie haben dieses Quiz noch nicht gespielt